| 000 | 00000nam##2200000za#4500 |
| 001 | 9.615504 |
| 003 | CaOODSP |
| 005 | 20211126112847 |
| 007 | ta |
| 008 | 150406|2001||||xxc||||| f|0| 0 eng|d |
| 020 | |a0-662-29766-0 |
| 022 | |a1192-5434 |
| 040 | |aCaOODSP|beng |
| 043 | |an-cn--- |
| 086 | 1 |aFB3-2/101-1E |
| 110 | 2 |aBank of Canada. |
| 245 | 14|aThe elements of the global network for large-value funds transfers / |cby James F. Dingle. |
| 260 | |aOttawa - Ontario : |bBank of Canada |c2001. |
| 300 | |avii, 40p. : |bfigs., references ; |c28 cm. |
| 490 | 1 |aWorking paper|x1192-5434|v101-1 |
| 500 | |a"The principal objective of this working paper is to describe the various elements involved in making the cross-border large-value payments in a single document. It is written for readers in the academic, legal and financial communities... Policy issues relevant to the G-LVTN (global large-value transfer network) that have arisen over the last decade are summarized, as are the principal actions taken by central banks and others in order to address these issues."--Page 1. |
| 520 | 3 |aThe principal objective of this working paper is to describe the various elements involved in making the cross-border large-value payments in a single document. It is written for readers in the academic, legal and financial communities... Policy issues relevant to the G-LVTN (global large-value transfer network) that have arisen over the last decade are summarized, as are the principal actions taken by central banks and others in order to address these issues.--Page 1 |
| 546 | |aRésumés en français |
| 563 | |aSoftcover |
| 590 | |a01-08|b2001-02-23 |
| 690 | 07|aBanking|2gcpds |
| 690 | 07|aInternational trade|2gcpds |
| 690 | 07|aInternational finance|2gcpds |
| 720 | 1 |aDingle, James F. |
| 776 | 0#|tThe elements of the global network for large-value funds transfers / |w(CaOODSP)9.571573 |
| 830 | #0|aWorking paper,|x1192-5434|v101-1|w(CaOODSP)9.514622 |